| 000 | 00349nam a22001217a 4500 | ||
|---|---|---|---|
| 999 |
_c707 _d707 |
||
| 005 | 20200817145651.0 | ||
| 008 | 200817b ||||| |||| 00| 0 eng d | ||
| 020 | _a041500831x | ||
| 040 | _cCML | ||
| 245 |
_aRussia's 'age of Silver'. _cBlanchard, I. |
||
| 260 |
_aLondon _bRoutledge _c1989 |
||
| 942 |
_2ddc _cBK _e1st Edition _h338.207 _mBLA |
||